Serpents de fiction - Statistiques

Statistiques générales
  • Ce quiz a été pris 40 fois
  • Le résultat moyen est 6 sur 20
Statistiques - réponses
Serpent de fiction Univers % Correct
Arbok Pokémon
80%
Nagini Harry Potter
77%
Kaa Le Livre de la Jungle
77%
Aoda Naruto
57%
Maître Vipère Kung Fu Panda
49%
Salomé One Piece
37%
Triste Sire Robin des Bois
37%
Coubélios Fairy Tail
26%
Apophis Mythologie égyptienne
23%
Cyan Sung-Sun Bleach
17%
Sandiramon Digimon
14%
Mme Pi Les Gardiens de Ga'Hoole
14%
George (et Martha) Percy Jackson
14%
Kaburamaru Demon Slayer
11%
Melascula Seven Deadly Sins
9%
Thulsa Doom Conan le Barbare
6%
Juju La Princesse et la Grenouille
3%
Ajar Sahara
3%
Yuan-Ti Donjons & Dragons
0%
Coily Les Mondes de Ralph
0%
Aucun quiz correspondant
Distribution des résultats
% des personnes avec chaque résultat
Percentile par nombre de réponses
Votre historique - résultats
Vous n’avez pas pris ce quiz